[Event "7th EUR-ch (w)"]
[Site "Kusadasi TUR"]
[Date "2006.04.15"]
[Round "11"]
[White "Pogonina, Natalia"]
[Black "Aginian, Nelly"]
[Result "1-0"]
[WhiteElo "2440"]
[BlackElo "2333"]
[EventDate "2006.04.04"]
[PlyCount "111"]

1.e4 e6 2.d4 d5 3.Nd2 c5 4.exd5 exd5 5.Ngf3 Nf6 6.Bb5+ Bd7 7.Bxd7+ Nbxd7 
8.O-O Be7 9.dxc5 Nxc5 10.Re1 O-O 11.Nf1 Re8 12.Be3 Nce4 13.h3 a6 14.Bd4 
Rc8 15.Ne3 Bc5 16.Bxc5 Nxc5 17.c3 b5 18.Qd2 Qd7 19.Rad1 Rcd8 20.Qc2 Qb7 
21.Re2 Nfe4 22.Rde1 b4 23.cxb4 Qxb4 24.a3 Qb5 25.Rd1 Nf6 26.Nxd5 Nxd5 27.
Rxe8+ Qxe8 28.Qxc5 Nf4 29.Rxd8 Qxd8 30.Qc4 g5 31.Qxa6 Qd5 32.Qf6 Ne6 33.
Ne5 Qb7 34.Ng4 Kf8 35.Ne3 Qc6 36.b4 Ke8 37.Qh8+ Ke7 38.Qb2 Qb5 39.Qc2 Nf4 
40.Qe4+ Kf8 41.Nf5 Ne6 42.Qa8+ Qe8 43.Qd5 Qb8 44.b5 Qd8 45.Qxd8+ Nxd8 46.
Kf1 Ke8 47.Ke2 Kd7 48.Kd3 Ke6 49.Ne3 f5 50.Kc4 Nb7 51.a4 f4 52.Nc2 Nd6+ 
53.Kb4 h5 54.a5 g4 55.hxg4 f3 56.Nd4+ 1-0

[Event "7th EUR-ch (w)"]
[Site "Kusadasi TUR"]
[Date "2006.04.15"]
[Round "11"]
[White "Arakhamia-Grant, Ketevan"]
[Black "Dworakowska, Joanna"]
[Result "1/2-1/2"]
[WhiteElo "2423"]
[BlackElo "2364"]
[EventDate "2006.04.04"]
[PlyCount "133"]

1.e4 c5 2.Nf3 d6 3.d4 cxd4 4.Nxd4 Nf6 5.Nc3 Nc6 6.Bg5 e6 7.Qd2 Be7 8.O-O-O
Nxd4 9.Qxd4 O-O 10.f4 Qa5 11.Bc4 Bd7 12.e5 dxe5 13.fxe5 Bc6 14.Bd2 Nd7 15.
Nd5 Qd8 16.Nxe7+ Qxe7 17.Rhe1 Rfd8 18.Qg4 Nf8 19.Bd3 Rd5 20.Bb4 Qd8 21.Bd6
Ng6 22.c4 f5 23.Qg3 Rd4 24.h3 Qa5 25.Kb1 Ba4 26.Rc1 Qd2 27.Bf1 Bc6 28.Qe3 
Nh4 29.Qxd2 Rxd2 30.g3 Nf3 31.Red1 Rd8 32.c5 Be4+ 33.Ka1 Rxd1 34.Rxd1 Nxe5
35.b4 Kf7 36.b5 Kg6 37.Rc1 Nf7 38.Bc7 Rc8 39.b6 axb6 40.cxb6 Bd5 41.Kb2 
Ra8 42.a3 Kf6 43.Bb5 e5 44.a4 Ke6 45.Rc5 g5 46.Kc3 f4 47.gxf4 gxf4 48.a5 
Rxa5 49.Bd7+ Kxd7 50.Rxa5 Ke6 51.h4 h5 52.Ra8 Kf5 53.Kd3 Kg4 54.Ra5 Bc6 
55.Bxe5 Nxe5+ 56.Rxe5 Kxh4 57.Re6 Bh1 58.Rg6 Kh3 59.Ke2 Be4 60.Rg1 h4 61.
Kf2 Bc6 62.Rg6 Be4 63.Re6 Bd5 64.Rd6 Bh1 65.Rg6 Be4 66.Rg5 Bc6 67.Rg6 
1/2-1/2

[Event "7th EUR-ch (w)"]
[Site "Kusadasi TUR"]
[Date "2006.04.15"]
[Round "11"]
[White "Nill, Jessica"]
[Black "Javakhishvili, Lela"]
[Result "0-1"]
[WhiteElo "2339"]
[BlackElo "2410"]
[EventDate "2006.04.04"]
[PlyCount "66"]

1.d4 Nf6 2.c4 e6 3.Nf3 b6 4.g3 Ba6 5.Nbd2 Bb7 6.Bg2 c5 7.e4 cxd4 8.e5 Ng4 
9.O-O Bc5 10.h3 Nh6 11.a3 a5 12.Re1 Nf5 13.Ne4 Bxe4 14.Rxe4 Nc6 15.g4 Nfe7
16.Bf4 Qc7 17.Bg3 Rd8 18.Rb1 d5 19.Re1 dxc4 20.Qa4 c3 21.b4 axb4 22.axb4 
b5 23.Qxb5 Bb6 24.Qd3 h6 25.h4 Nd5 26.Rec1 Rd7 27.Qb5 O-O 28.Bf1 Rb8 29.
Qa4 Ncxb4 30.Rxb4 Nxb4 31.Qxb4 Ba5 32.Qa3 d3 33.Bf4 Qc4 0-1

[Event "7th EUR-ch (w)"]
[Site "Kusadasi TUR"]
[Date "2006.04.15"]
[Round "11"]
[White "Lomineishvili, Maia"]
[Black "Burtasova, Anna"]
[Result "1-0"]
[WhiteElo "2395"]
[BlackElo "2293"]
[EventDate "2006.04.04"]
[PlyCount "67"]

1.e4 c5 2.b3 b6 3.Bb2 Bb7 4.d3 e6 5.f4 d5 6.Nd2 h5 7.Ngf3 Nf6 8.Qe2 Be7 9.
g3 Nc6 10.Bg2 Nb4 11.O-O-O Nxa2+ 12.Kb1 Nb4 13.exd5 Bxd5 14.f5 O-O 15.c3 
Nc6 16.c4 Bxf3 17.Nxf3 exf5 18.Nh4 Rc8 19.Nxf5 Re8 20.Bh3 Bf8 21.Qd2 Rc7 
22.Rhf1 Nd4 23.Nxd4 cxd4 24.Rf4 Bc5 25.b4 Bd6 26.Rxd4 Qe7 27.Bc3 Be5 28.
Rh4 Bxc3 29.Qxc3 Nd5 30.Qb2 Nxb4 31.Re4 Qxe4 32.dxe4 Rxc4 33.Rd4 Rxe4 34.
Rd8+ 1-0

[Event "7th EUR-ch (w)"]
[Site "Kusadasi TUR"]
[Date "2006.04.15"]
[Round "11"]
[White "Botsari, Anna-Maria"]
[Black "Vasylevich, Tatiana"]
[Result "1/2-1/2"]
[WhiteElo "2341"]
[BlackElo "2395"]
[EventDate "2006.04.04"]
[PlyCount "54"]

1.d4 d5 2.c4 e6 3.Nc3 Nf6 4.Bg5 Be7 5.e3 O-O 6.Nf3 a6 7.Qc2 Nbd7 8.Rd1 b6 
9.cxd5 exd5 10.Bd3 Bb7 11.O-O Re8 12.Ne5 h6 13.Bxf6 Nxf6 14.e4 c5 15.Rfe1 
Rc8 16.Nxd5 cxd4 17.Qb1 Bd6 18.Nxf6+ Qxf6 19.Nf3 Rc5 20.Bf1 Rh5 21.h3 Qg6 
22.e5 Qxb1 23.Rxb1 Bb4 24.Red1 Bxf3 25.gxf3 Rg5+ 26.Kh2 Rgxe5 27.Bxa6 Re1 
1/2-1/2

[Event "7th EUR-ch (w)"]
[Site "Kusadasi TUR"]
[Date "2006.04.15"]
[Round "11"]
[White "Houska, Jovanka"]
[Black "Andriasian, Siranush"]
[Result "1-0"]
[WhiteElo "2378"]
[BlackElo "2237"]
[EventDate "2006.04.04"]
[PlyCount "61"]

1.e4 e5 2.Nf3 Nc6 3.d4 exd4 4.Nxd4 Nf6 5.Nxc6 bxc6 6.e5 Qe7 7.Qe2 Nd5 8.c4
Nb6 9.Nc3 Qe6 10.Qe4 g6 11.Bd2 Bg7 12.f4 d5 13.cxd5 cxd5 14.Qb4 c6 15.Be2 
Bf8 16.Qd4 Bg7 17.Qc5 Nd7 18.Qa3 f6 19.exf6 Nxf6 20.O-O Kf7 21.Rae1 Qd7 
22.f5 Qc7 23.Bf4 Qb6+ 24.Kh1 gxf5 25.Bh5+ Nxh5 26.Qe7+ Kg8 27.Qe8+ Bf8 28.
Bd6 Kg7 29.Bxf8+ Rxf8 30.Re7+ Kg8 31.Qxh5 1-0

[Event "7th EUR-ch (w)"]
[Site "Kusadasi TUR"]
[Date "2006.04.15"]
[Round "11"]
[White "Zielinska, Marta"]
[Black "Makropoulou, Marina"]
[Result "0-1"]
[WhiteElo "2366"]
[BlackElo "2305"]
[EventDate "2006.04.04"]
[PlyCount "88"]

1.f4 d5 2.Nf3 c6 3.g3 Bg4 4.Bg2 Nd7 5.O-O h5 6.h3 Bxf3 7.Bxf3 e5 8.e3 Ngf6
9.d3 Qc7 10.Nc3 Bd6 11.Bg2 O-O-O 12.Qf3 exf4 13.exf4 Qb6+ 14.Kh1 Ng4 15.
Nd1 Rde8 16.c3 f5 17.d4 Ndf6 18.Kg1 h4 19.hxg4 fxg4 20.Qd3 h3 21.Bh1 h2+ 
22.Kg2 Qc7 23.Nf2 Qd7 24.Bd2 g5 25.f5 Ne4 26.Nxe4 dxe4 27.Qe2 e3 28.Qxg4 
exd2 29.Kf2 Kb8 30.Bf3 Ref8 31.Be4 Qe7 32.Rad1 Re8 33.Bf3 Qe3+ 34.Kg2 Ka8 
35.Rh1 a6 36.Rdf1 Qd3 37.f6 Re3 38.Rf2 Re1 39.Rxh2 Rxh2+ 40.Kxh2 d1=Q 41.
Bxd1 Rxd1 42.Kg2 Qb1 43.Qxg5 Rg1+ 44.Kh2 Qe1 0-1

[Event "7th EUR-ch (w)"]
[Site "Kusadasi TUR"]
[Date "2006.04.15"]
[Round "11"]
[White "Kursova, Maria"]
[Black "Majdan, Joanna"]
[Result "1/2-1/2"]
[WhiteElo "2333"]
[BlackElo "2297"]
[EventDate "2006.04.04"]
[PlyCount "108"]

1.d4 Nf6 2.Nf3 c5 3.d5 g6 4.Nc3 Bg7 5.e4 d6 6.Bb5+ Nbd7 7.a4 O-O 8.O-O a6 
9.Be2 Rb8 10.Re1 Ne8 11.Bf1 Nc7 12.Bf4 b5 13.axb5 axb5 14.Qd2 b4 15.Nd1 
Nb6 16.Bh6 Bg4 17.Bxg7 Kxg7 18.Qf4 Bxf3 19.Qxf3 Ra8 20.Ne3 Qd7 21.Qg3 Kh8 
22.h4 Rxa1 23.Rxa1 f5 24.exf5 gxf5 25.Ra7 Qc8 26.Qf3 Qb8 27.Ra1 f4 28.Bd3 
Qe8 29.Qe4 Qf7 30.Nc4 Nbxd5 31.Ra7 Ne8 32.Na5 Nef6 33.Qf5 Qh5 34.Qxh5 Nxh5
35.Nc6 Rf7 36.Bc4 Rf5 37.Nxe7 Nxe7 38.Rxe7 Re5 39.Rf7 d5 40.Bd3 Kg8 41.Rf5
Rxf5 42.Bxf5 Ng7 43.Bc8 Kf7 44.g4 Ne8 45.Bf5 h6 46.Kg2 Kf6 47.Kf3 Ke5 48.
Bh7 Nd6 49.g5 hxg5 50.hxg5 Ne8 51.Kg4 Ng7 52.Bg8 Ke4 53.Bh7+ Ke5 54.Bg8 
Ke4 1/2-1/2

[Event "7th EUR-ch (w)"]
[Site "Kusadasi TUR"]
[Date "2006.04.15"]
[Round "11"]
[White "Hryhorenko, Natalia"]
[Black "Shukurova, Meihriban"]
[Result "1-0"]
[WhiteElo "2323"]
[BlackElo "2205"]
[EventDate "2006.04.04"]
[PlyCount "83"]

1.d4 Nf6 2.Nf3 g6 3.c4 Bg7 4.g3 O-O 5.Bg2 d6 6.O-O c6 7.Nc3 Qa5 8.h3 Be6 
9.Qd3 Qb4 10.b3 d5 11.cxd5 Nxd5 12.Bd2 Qa3 13.e4 Nb4 14.Qe2 b6 15.Na4 N4a6
16.e5 Nc7 17.Ne1 Bxb3 18.axb3 Qxa1 19.Nc2 Qa2 20.Qd3 b5 21.Ra1 Qxa1+ 22.
Nxa1 bxa4 23.bxa4 Nd5 24.Nb3 Rd8 25.Na5 Nb6 26.Nb7 Rd7 27.Nc5 Rd8 28.a5 
N6d7 29.Nxd7 Nxd7 30.Qe3 e6 31.Bxc6 Rac8 32.Bb7 Rc7 33.a6 Rc4 34.Ba5 Re8 
35.Qd3 Rc1+ 36.Kg2 Nf8 37.Qb5 Re7 38.Bb4 Rec7 39.Bc5 Nd7 40.Bxa7 Bf8 41.
Bb6 Nxb6 42.Qxb6 1-0

[Event "7th EUR-ch (w)"]
[Site "Kusadasi TUR"]
[Date "2006.04.15"]
[Round "11"]
[White "Cherednichenko, Svetlana"]
[Black "Mamedyarova, Turkan"]
[Result "1-0"]
[WhiteElo "2238"]
[BlackElo "2280"]
[EventDate "2006.04.04"]
[PlyCount "85"]

1.d4 f5 2.Nc3 Nf6 3.Bg5 c6 4.Bxf6 exf6 5.e3 d5 6.Bd3 Be6 7.Qf3 Qd7 8.Nge2 
Bd6 9.h4 Na6 10.Bxa6 bxa6 11.h5 O-O 12.Na4 Rab8 13.b3 Rfe8 14.Nf4 Bf7 15.
O-O-O Ba3+ 16.Kb1 Qc7 17.c3 Qa5 18.Kc2 Rb5 19.Nd3 Be6 20.Ndc5 Bxc5 21.dxc5
Qc7 22.Rd4 Reb8 23.Qf4 Qe5 24.Qh4 Bf7 25.Nb2 Re8 26.Nd3 Qe7 27.Qf4 Qd7 28.
a4 Rb7 29.Rb4 Rc7 30.a5 Rb7 31.h6 Re4 32.Qd6 Qxd6 33.cxd6 Rexb4 34.Nxb4 
Be8 35.Nxa6 Rd7 36.Nc5 Rxd6 37.hxg7 f4 38.exf4 Bg6+ 39.Kd2 Kxg7 40.Ra1 Kh6
41.f3 d4 42.c4 d3 43.Re1 1-0

[Event "7th EUR-ch (w)"]
[Site "Kusadasi TUR"]
[Date "2006.04.15"]
[Round "11"]
[White "Motoc, Alina"]
[Black "Muhren, Bianca"]
[Result "1/2-1/2"]
[WhiteElo "2342"]
[BlackElo "2253"]
[EventDate "2006.04.04"]
[PlyCount "92"]

1.d4 Nf6 2.c4 e6 3.Nc3 c5 4.d5 exd5 5.cxd5 d6 6.e4 g6 7.h3 Bg7 8.Nf3 O-O 
9.Bd3 Nbd7 10.O-O Nh5 11.g4 Nhf6 12.Bf4 Ne8 13.Bg3 a6 14.a4 Rb8 15.Re1 Qe7
16.Qe2 Ne5 17.Nd2 h5 18.f3 Bd7 19.a5 hxg4 20.hxg4 Qg5 21.f4 Qxg4 22.Qxg4 
Nxg4 23.e5 Bf5 24.Bxf5 gxf5 25.Nc4 Kh7 26.Na4 Rg8 27.Kg2 Rd8 28.Rad1 dxe5 
29.fxe5 f4 30.Bxf4 Nxe5 31.Nxe5 Bxe5+ 32.Kf3 Bxf4 33.Kxf4 Nf6 34.Rh1+ Kg7 
35.d6 Nd7 36.Rd5 Rh8 37.Rxh8 Rxh8 38.Nxc5 Nxc5 39.Rxc5 Kf6 40.Rc7 Rd8 41.
Rxb7 Rxd6 42.b4 Ke6 43.Ke4 f5+ 44.Kf4 Rd4+ 45.Ke3 Rd6 46.Kf4 Rd4+ 1/2-1/2

[Event "7th EUR-ch (w)"]
[Site "Kusadasi TUR"]
[Date "2006.04.15"]
[Round "11"]
[White "Petrenko, Svetlana"]
[Black "Pavlovskaya, Evgenia"]
[Result "1-0"]
[WhiteElo "2334"]
[BlackElo "2182"]
[EventDate "2006.04.04"]
[PlyCount "99"]

1.e4 c5 2.Nf3 a6 3.d4 cxd4 4.Nxd4 Nf6 5.Bd3 e5 6.Nf3 d5 7.Qe2 dxe4 8.Bxe4 
Nxe4 9.Qxe4 Nc6 10.O-O f6 11.Nc3 Be6 12.Rd1 Qa5 13.Be3 Qb4 14.Nd4 f5 15.
Nxc6 Qxe4 16.Nxe4 bxc6 17.Nd6+ Bxd6 18.Rxd6 Bd5 19.c4 Bxc4 20.Rxc6 Bd3 21.
Re6+ Kf7 22.Rxe5 Rab8 23.Bd4 Rhd8 24.Bc3 Rd7 25.Rae1 Rb6 26.f3 g5 27.g3 h5
28.Re8 Rh6 29.Bb4 g4 30.Rf8+ Kg7 31.Ree8 Bc4 32.Bc3+ Kh7 33.Rxf5 Rd1+ 34.
Kg2 gxf3+ 35.Kf2 Rf1+ 36.Ke3 Re6+ 37.Rxe6 Bxe6 38.Rxh5+ Kg6 39.Rc5 Bxa2 
40.Rc6+ Kg5 41.Rxa6 Bb3 42.h3 Bc4 43.Ra5+ Kg6 44.h4 Be2 45.g4 Rg1 46.Rg5+ 
Kh6 47.Rg8 Rg2 48.h5 Bd1 49.Bf6 Re2+ 50.Kf4 1-0

[Event "7th EUR-ch (w)"]
[Site "Kusadasi TUR"]
[Date "2006.04.15"]
[Round "11"]
[White "Lematschko, Tatjana"]
[Black "Calotescu, Ana-Cristina"]
[Result "1-0"]
[WhiteElo "2180"]
[BlackElo "2325"]
[EventDate "2006.04.04"]
[PlyCount "73"]

1.d4 Nf6 2.c4 g6 3.Nc3 Bg7 4.e4 d6 5.f4 c5 6.d5 O-O 7.Nf3 e6 8.dxe6 fxe6 
9.Be2 Nc6 10.O-O b6 11.g3 Bb7 12.f5 exf5 13.exf5 gxf5 14.Bg5 Qd7 15.Bd3 
Ng4 16.Qc2 h6 17.Bf4 Nge5 18.Nd5 Ng6 19.Bd2 Rf7 20.Bc3 Bxc3 21.Qxc3 Nce5 
22.Be2 Bxd5 23.cxd5 Rg7 24.Qd2 Kh7 25.Rf2 Ng4 26.Rff1 Nf6 27.Bd3 Nxd5 28.
Ng5+ hxg5 29.Bxf5 Qa4 30.Qxd5 Qd4+ 31.Qxd4 cxd4 32.Rad1 Re7 33.Rxd4 Rd8 
34.Rfd1 Re5 35.Bxg6+ Kxg6 36.Rxd6+ Rxd6 37.Rxd6+ 1-0

[Event "7th EUR-ch (w)"]
[Site "Kusadasi TUR"]
[Date "2006.04.15"]
[Round "11"]
[White "Van Weersel, Arlette"]
[Black "Maksimovic, Suzana"]
[Result "0-1"]
[WhiteElo "2148"]
[BlackElo "2295"]
[EventDate "2006.04.04"]
[PlyCount "66"]

1.e4 c5 2.c4 Nc6 3.Ne2 e5 4.Nbc3 d6 5.d3 g6 6.Be3 Bg7 7.Qd2 Nd4 8.Nd5 h6 
9.Nec3 Be6 10.Be2 Nf6 11.O-O Nxe2+ 12.Qxe2 O-O 13.Nxf6+ Qxf6 14.a3 Qh4 15.
b4 f5 16.f3 b6 17.Rfb1 Bf6 18.Nb5 Rad8 19.Nxa7 Rd7 20.Nb5 Bg5 21.Bf2 Qh5 
22.a4 Bf4 23.g3 fxe4 24.dxe4 Bg5 25.Rb3 Rdf7 26.Nxd6 Rxf3 27.Rxf3 Rxf3 28.
Re1 Bg4 29.Qb2 Be7 30.bxc5 bxc5 31.Bxc5 Bh3 32.Qb7 Rf7 33.Qb3 Qe2 0-1

[Event "7th EUR-ch (w)"]
[Site "Kusadasi TUR"]
[Date "2006.04.15"]
[Round "11"]
[White "Benderac, Ana"]
[Black "Bensdorp, Marlies"]
[Result "1/2-1/2"]
[WhiteElo "2293"]
[BlackElo "2251"]
[EventDate "2006.04.04"]
[PlyCount "21"]

1.d4 d5 2.c4 c6 3.Nf3 Nf6 4.e3 Bf5 5.Nc3 e6 6.Be2 Nbd7 7.O-O Bd6 8.h3 h6 
9.Bd3 Bxd3 10.Qxd3 O-O 11.e4 1/2-1/2

[Event "7th EUR-ch (w)"]
[Site "Kusadasi TUR"]
[Date "2006.04.15"]
[Round "11"]
[White "Fakhiridou, Ekaterini"]
[Black "Topel, Zehra"]
[Result "1/2-1/2"]
[WhiteElo "2292"]
[BlackElo "2132"]
[EventDate "2006.04.04"]
[PlyCount "115"]

1.d4 Nf6 2.c4 g6 3.Nc3 Bg7 4.e4 d6 5.Bd3 e5 6.d5 O-O 7.Nge2 Nbd7 8.Bc2 Ne8
9.O-O f5 10.exf5 gxf5 11.f4 e4 12.Be3 Ndf6 13.h3 Qe7 14.Nd4 Kh8 15.Rb1 Rg8
16.Qe2 Bh6 17.Qf2 Qf7 18.Bd1 Qg6 19.b4 Bf8 20.Rb3 Qh6 21.Kh1 Nh5 22.Bxh5 
Qxh5 23.Nce2 Be7 24.Bc1 Bh4 25.Qe3 Qg6 26.g3 Bf6 27.Bb2 Bd7 28.b5 Ng7 29.
a4 Nh5 30.Kh2 b6 31.Nc6 Bxb2 32.Rxb2 Bxc6 33.bxc6 Rg7 34.Rg1 Rag8 35.Qc3 
h6 36.a5 Kh7 37.axb6 axb6 38.Ra2 Re8 39.Qe3 Nf6 40.Rga1 b5 41.Ra8 bxc4 42.
Rxe8 Qxe8 43.Nc3 Qf7 44.Qd4 Nh5 45.Rg1 Qg8 46.Ne2 c3 47.g4 fxg4 48.hxg4 
Rxg4 49.Rxg4 Qxg4 50.Qxe4+ Qg6 51.f5 Qf6 52.Nxc3 Qxc3 53.f6+ Kh8 54.Qe8+ 
Kh7 55.Qf7+ Kh8 56.Qf8+ Kh7 57.Qf7+ Kh8 58.Qf8+ 1/2-1/2

[Event "7th EUR-ch (w)"]
[Site "Kusadasi TUR"]
[Date "2006.04.15"]
[Round "11"]
[White "Eckhardt, Claudia"]
[Black "Kubikova, Alena"]
[Result "1/2-1/2"]
[WhiteElo "2260"]
[BlackElo "2098"]
[EventDate "2006.04.04"]
[PlyCount "21"]

1.Nf3 Nf6 2.g3 g6 3.Bg2 Bg7 4.O-O O-O 5.d4 d5 6.c4 dxc4 7.Na3 Nc6 8.Nxc4 
Be6 9.Nce5 Bd5 10.h3 h6 11.Nxc6 1/2-1/2

[Event "7th EUR-ch (w)"]
[Site "Kusadasi TUR"]
[Date "2006.04.15"]
[Round "11"]
[White "Gavasheli, Ana"]
[Black "Steil-Antoni, Fiona"]
[Result "1/2-1/2"]
[WhiteElo "2244"]
[BlackElo "1968"]
[EventDate "2006.04.04"]
[PlyCount "114"]

1.c4 e6 2.g3 Nf6 3.Bg2 d5 4.cxd5 exd5 5.b3 Be7 6.Bb2 O-O 7.d3 c6 8.Nf3 Re8
9.O-O Nbd7 10.Nbd2 Nf8 11.e4 dxe4 12.dxe4 Be6 13.Qc2 Ng6 14.Ng5 Bf8 15.
Nxe6 Rxe6 16.Rad1 Qc7 17.Bh3 Ree8 18.Bxf6 gxf6 19.Nf3 Rad8 20.Bg2 Rxd1 21.
Rxd1 Rd8 22.Nd4 Ne5 23.Nf5 Rxd1+ 24.Qxd1 Qd7 25.Qxd7 Nxd7 26.f4 Nc5 27.Bf3
Nd3 28.Bd1 Bc5+ 29.Kg2 Nf2 30.Bf3 Nd3 31.Bh5 Nc1 32.Nh6+ Kg7 33.Nxf7 Be7 
34.e5 fxe5 35.Nxe5 Nxa2 36.Bg4 Nc1 37.Be6 Bf6 38.Nd7 a5 39.g4 b5 40.g5 Bc3
41.Kf3 a4 42.bxa4 bxa4 43.f5 Bb4 44.f6+ Kh8 45.h4 a3 46.h5 Bc3 47.Nc5 Bd4 
48.Nd7 Bc3 49.Kg4 a2 50.Bxa2 Nxa2 51.g6 hxg6 52.hxg6 Bxf6 53.Nxf6 Nc3 54.
Kg5 Nd5 55.Ne8 c5 56.Nd6 Ne7 57.Kf6 Nxg6 1/2-1/2

[Event "7th EUR-ch (w)"]
[Site "Kusadasi TUR"]
[Date "2006.04.15"]
[Round "11"]
[White "Smochina, Carolina"]
[Black "Mira, Helene"]
[Result "1/2-1/2"]
[WhiteElo "2252"]
[BlackElo "2140"]
[EventDate "2006.04.04"]
[PlyCount "48"]

1.c4 e5 2.Nc3 Nf6 3.g3 c6 4.Bg2 d5 5.d3 dxc4 6.dxc4 Qxd1+ 7.Nxd1 Bb4+ 8.
Kf1 O-O 9.b3 Bc5 10.e3 Bf5 11.Bf3 Na6 12.a3 Rad8 13.Nb2 Be7 14.b4 Rd7 15.
Kg2 Be4 16.Bxe4 Nxe4 17.Ne2 Rfd8 18.Re1 Nc7 19.c5 a5 20.Nc4 axb4 21.axb4 
f6 22.f3 Ng5 23.e4 Nge6 24.Bb2 Ng5 1/2-1/2

[Event "7th EUR-ch (w)"]
[Site "Kusadasi TUR"]
[Date "2006.04.15"]
[Round "11"]
[White "Umudova, Nargiz"]
[Black "Bensdorp, Laura"]
[Result "0-1"]
[WhiteElo "2174"]
[BlackElo "2098"]
[EventDate "2006.04.04"]
[PlyCount "62"]

1.e4 c5 2.Nf3 d6 3.d4 cxd4 4.Nxd4 Nf6 5.Nc3 Nc6 6.Bc4 Qb6 7.Nb3 e6 8.O-O 
Be7 9.Be3 Qc7 10.Kh1 a6 11.a4 Ne5 12.Be2 Nc4 13.Bc1 O-O 14.Nd4 Rd8 15.b3 
Na5 16.Bb2 b6 17.f4 Bb7 18.Bf3 Nc6 19.Nde2 Nb4 20.Rc1 Rac8 21.Qe1 d5 22.e5
Ne4 23.Nxe4 dxe4 24.Bg4 Nxc2 25.Qf2 Bc5 26.Qh4 Ne3 27.Rfe1 Qe7 28.Qxe7 
Bxe7 29.Bh3 Rxc1 30.Nxc1 Bb4 31.Rg1 Nd1 0-1

[Event "7th EUR-ch (w)"]
[Site "Kusadasi TUR"]
[Date "2006.04.15"]
[Round "11"]
[White "Wilson, Alexandra"]
[Black "Andersson, Christin"]
[Result "0-1"]
[WhiteElo "2099"]
[BlackElo "2170"]
[EventDate "2006.04.04"]
[PlyCount "20"]

1.e4 e6 2.d4 d5 3.exd5 exd5 4.c4 Nf6 5.Nf3 dxc4 6.Bxc4 Bb4+ 7.Nc3 O-O 8.
O-O Bg4 9.Qb3 Bxf3 10.gxf3 Bd6 0-1